000 00400nam a2200169Ia 4500
005 20240823010655.0
008 240823s9999||||xx |||||||||||||| ||und||
082 _A658.827 N8
100 _a"Jones,John Philip"
245 0 _aWhat s in a Brand
250 _a1st
260 _c1998
_b"TMH,New Delhi"
500 _aYES
650 _aManagement
_bManagement Studies
942 _cBK
999 _c159324
_d159324